00766nam a2200205Ia 4500003000400000005001700004008004000021040000700061041001300068082001700081100002400098245006500122260008400187300001200271690003500283906001100318942001200329999001900341952020000360OSt20251003143449.0210210b2010 xxu||||| |||| 00| 0 eng d cAL aSanskrit aS891.8E BHAC aBhat G N Ed9241339 aConcept of marriageb: collection of articles of the seminar aMangalurubCenter for Inter-disciplinary Studies and Research in Sanskritc2010 avi,110p aSanskrit Miscellaneous9241340 a065502 2ddccBK c143011d143011 001040708SanskritaALbALcSanskrit Literatured2021-02-17eAkhila Karnataka Samskrita Parishad, Karangalpady, Mangalore-3g100.00l0oS891.8E BHACp065502r2021-02-17 00:00:00w2021-02-17yBK